| Поле | Инд. | ПП | Название | Значение |
|---|---|---|---|---|
| Тип записи | a | |||
| Библиографический уровень | b | |||
| 001 | Контрольный номер | RU/IS/BASE/441210462 | ||
| 005 | Дата корректировки | 20200522191632.1 | ||
| 008 | Кодируемые данные | 20131224 | ||
| 040 | b | Код языка каталог. | rus | |
| e | Правила каталог. | PSBO | ||
| 041 | 0_ | a | Код языка текста | rus |
| 084 | a | Индекс другой классификации/Индекс ББК | 65.261.411.15 | |
| 100 | 1_ | a | Автор | Крутик А. |
| 245 | 10 | a | Заглавие | Стимулирование инновационного развития экономики через корпоративное налогообложение: применение британского опыта к российским реалиям |
| 504 | a | Библиография | Библиогр. | |
| 520 | a | Аннотация | Экономический рост в посткризисный период все в большей степени определяется научно-техническим прогрессом и интеллектуализацией основных средств производства. Инновационный путь развития был выбран обеими странами: Великобританией и Россией. Одним из направлений стимулирования развития НИОКР является реформа корпоративного налогообложения в Великобритании, чей успешный опыт Россия может позаимствовать в модернизации налоговой системы. | |
| 650 | 14 | a | Основная рубрика | налоговая система |
| a | Основная рубрика | финансы | ||
| a | Основная рубрика | экономика | ||
| 653 | 1_ | a | Ключевые слова | бизнес |
| a | Ключевые слова | Великобритания | ||
| a | Ключевые слова | инновационная экономика | ||
| a | Ключевые слова | конкурентоспособность | ||
| a | Ключевые слова | конкурентоспособность экономики | ||
| a | Ключевые слова | корпорации | ||
| a | Ключевые слова | налоговая реформа | ||
| a | Ключевые слова | налоговое стимулирование | ||
| a | Ключевые слова | налогообложение корпораций | ||
| a | Ключевые слова | НИОКР (научно-исследовательские и опытно-конструкторские работы) | ||
| a | Ключевые слова | Россия | ||
| a | Ключевые слова | стимулирование инноваций | ||
| a | Ключевые слова | страхование вкладов | ||
| a | Ключевые слова | экономический рост | ||
| a | Ключевые слова | эффективность экономики | ||
| 773 | 08 | t | Заглавие источника | РИСК: ресурсы, информация, снабжение, конкуренция |
| d | Дата издания источника | 2012 | ||
| g | Прочая информация | № 3. - С. 119 - 122 : табл. | ||
| w | Контрольный № источника | RU/IS/BASE/407439363 | ||
| 901 | t | Тип документа | b |